The basic writing book

This book is designed for the basic writing course that covers all skills required for and all aspects of beginning essay writing. Starting with essay organization including thesis, outline, body paragraphs, introduction, and conclusion, the text then covers identification of subjects, verbs, and cl...

Πλήρης περιγραφή

Αποθηκεύτηκε σε:
Λεπτομέρειες βιβλιογραφικής εγγραφής
Κύριος συγγραφέας: Joyce Stith
Μορφή: Βιβλίο
Γλώσσα:Undetermined
Έκδοση: Boston, Massachusetts Little, Brown 1982
Θέματα:
Ετικέτες: Προσθήκη ετικέτας
Δεν υπάρχουν, Καταχωρήστε ετικέτα πρώτοι!
Thư viện lưu trữ: Trung tâm Học liệu Trường Đại học Cần Thơ
LEADER 00861nam a2200181Ia 4500
001 CTU_34062
008 210402s9999 xx 000 0 und d
082 |a 808.042 
082 |b S862 
100 |a Joyce Stith 
245 4 |a The basic writing book 
245 0 |c Joyce Stith 
260 |a Boston, Massachusetts 
260 |b Little, Brown 
260 |c 1982 
520 |a This book is designed for the basic writing course that covers all skills required for and all aspects of beginning essay writing. Starting with essay organization including thesis, outline, body paragraphs, introduction, and conclusion, the text then covers identification of subjects, verbs, and clauses and correction of run-together sentences and fragments 
650 |a english language - rhetoric,english language - writing 
980 |a Trung tâm Học liệu Trường Đại học Cần Thơ